Tratado de patología quirúrgica general / (Record no. 146220)
[ view plain ]
| 000 -LEADER | |
|---|---|
| campo de control de longitud fija | 01293nam a2200193 i 4500 |
| 001 - NÚMERO DE CONTROL | |
| campo de control | 146220 |
| 003 - IDENTIFICADOR DE NÚMERO DE CONTROL | |
| campo de control | ES-MaACL |
| 005 - FECHA Y HORA DE LA ÚLTIMA TRANSACCIÓN | |
| campo de control | 20230906201445.0 |
| 007 - CAMPO FIJO DE DESCRIPCIÓN FÍSICA--INFORMACIÓN GENERAL | |
| campo de control de longitud fija | t| |
| 008 - DATOS DE LONGITUD FIJA--INFORMACIÓN GENERAL | |
| campo de control de longitud fija | 070905s1912 sp ||||1| spa d |
| 245 00 - MENCIÓN DEL TÍTULO | |
| Título | Tratado de patología quirúrgica general / |
| Mención de responsabilidad, etc. | Traducido y anotado por Ramón Torres Casanovas ; prólogo de Luis Guedea Calvo ; prefacio de Pablo Reclus. |
| 260 ## - PUBLICACIÓN, DISTRIBUCIÓN, ETC. | |
| Lugar de publicación, distribución, etc. | Valencia : |
| Nombre del editor, distribuidor, etc. | [Tipografía moderna], |
| Fecha de publicación, distribución, etc. | 1912. |
| 300 ## - DESCRIPCIÓN FÍSICA | |
| Extensión | 4 v. ; |
| Dimensiones | 20 cm. |
| 505 8# - NOTA DE CONTENIDO CON FORMATO | |
| Nota de contenido con formato | Contiene: T.I.-- Patología quirúrgica general. Enfermedades generales de los tejidos, cráneo y raquis, por P. Lecene, L. Tixier, R. Proust... traducido y anotado por Ramón Torres Casanovas, prólogo de Luis Guedea Calvo. Prefacio de Pablo Reclus. T.I.-- Cabeza, cuello torax por H. Bourgeois, Ch. Menormant, traducido y anotado por Manuel Portaceli y Ortells. T.III.-- Glandula mamaria, abdomen por Pedro Duval, A. Gasset, P. Lecene, Ch. Lenormant, traducido y anotado por Ramón Torres Casanovas. T.IV.-- Organos genito-urinarios, miembros por R. Begouin, E. Jeambran, R. Proust, traducído y anotado por Manuel Portaceli y Ortells. |
| 700 1# - ENTRADA AGREGADA--NOMBRE PERSONAL | |
| Nombre de persona | Torres Casanovas, Ramón. |
| 9 (RLIN) | 110938 |
| 700 1# - ENTRADA AGREGADA--NOMBRE PERSONAL | |
| Nombre de persona | Guedea y Calvo, Luis. |
| 9 (RLIN) | 60402 |
| 700 1# - ENTRADA AGREGADA--NOMBRE PERSONAL | |
| Nombre de persona | Reclus, Pablo. |
| 9 (RLIN) | 95778 |
| 852 ## - LOCALIZACIÓN | |
| Ubicación | ES-MaACL |
| Número de control de estantería | B-11759-62 |
| Sublocalización o colección | R.231-B-35 |
| Estatus retirado | Estado de pérdida | Estado de daño | No para préstamo | Biblioteca de origen | Biblioteca actual | Ubicación en estantería | Fecha de adquisición | Fuente de adquisición | Total de préstamos | Signatura topográfica completa | Código de barras | Visto por última vez | Precio de reemplazo | Tipo de ítem Koha |
|---|---|---|---|---|---|---|---|---|---|---|---|---|---|---|
| Biblioteca del Ateneo de Madrid | Biblioteca del Ateneo de Madrid | Sala Pardo Bazán | 17/01/2008 | B-11759-62 | 1152616 | 23/02/2023 | 23/02/2023 | Libro impreso |
